Rozhodovanie o uskutočnení investície v konkrétnom podniku pomocou metódy stanovenia parciálnych lineárnych funkcií a metódy TOPSIS

Využitie rozhodovacej metódy stanovenia čiastkových lineárnych funkcií a metódy TOPSIS v konkrétnom podniku. Rozhodovací proces v konkrétnom podniku predstavujúci výber a hodnotenie kritérií dostupných variantov investície využitím Saatyho metódy. Kvantitatívny základ pre vykonanie manažérskeho rozh...

Descrizione completa

Salvato in:
Dettagli Bibliografici
Autore principale: Sieber, Jakub, 1992-
Natura: Capitolo di libro
Lingua:slovacco
Soggetti:
Tags: Aggiungi Tag
Nessun Tag, puoi essere il primo ad aggiungerne!!

MARC

LEADER 00000naa a2200000 4500
001 0272626
005 20240502074310.5
041 0 |a slo 
044 |a SK 
245 1 0 |a Rozhodovanie o uskutočnení investície v konkrétnom podniku pomocou metódy stanovenia parciálnych lineárnych funkcií a metódy TOPSIS  |c Jakub Sieber 
520 |a Využitie rozhodovacej metódy stanovenia čiastkových lineárnych funkcií a metódy TOPSIS v konkrétnom podniku. Rozhodovací proces v konkrétnom podniku predstavujúci výber a hodnotenie kritérií dostupných variantov investície využitím Saatyho metódy. Kvantitatívny základ pre vykonanie manažérskeho rozhodnutia v danom podniku. Investičné rozhodovanie v podniku SPORTS, s.r.o.. 
610 2 0 |a investície 
610 2 0 |a benchmarking 
610 2 0 |a rozhodovanie 
610 2 0 |a podnik 
100 1 |a Sieber, Jakub, 1992-